| 000 | 00394nam a2200157Ia 4500 | ||
|---|---|---|---|
| 001 | R-1978 | ||
| 003 | CODICE-MESSINA | ||
| 005 | 20260212102525.0 | ||
| 008 | 260211s9999 xx 000 0 und d | ||
| 040 | _cimportazione_messina | ||
| 100 | _aAmanuele Severino | ||
| 245 | 0 | _aLa Filosofia Dai Greci Al Nostro Tempo | |
| 245 | 0 | _bLa filosofia moderna | |
| 260 | _bRizzoli | ||
| 942 |
_2ddc _cBK |
||
| 999 |
_c28489 _d28489 |
||